Struggle of modern man: An outline histroy of the world from A. D. 1450 to the present day (Record no. 1373141)

MARC details
000 -LEADER
fixed length control field 00535nam a2200181Ia 4500
005 - DATE AND TIME OF LATEST TRANSACTION
control field 20250508161918.0
008 - FIXED-LENGTH DATA ELEMENTS--GENERAL INFORMATION
fixed length control field 008 250505s9999 xx 000 0 eng d
037 ## - SOURCE OF ACQUISITION
Stock number Books to be hide in OPAC
040 ## - CATALOGING SOURCE
Original cataloging agency FEDL
Language of cataloging eng
Transcribing agency FEDL
041 ## - LANGUAGE CODE
Language code of text/sound track or separate title eng
Source of code eng
084 ## - COLON CLASSIFICATION NUMBER
Assigning agency FEDL
100 ## - MAIN ENTRY--PERSONAL NAME
Personal name Pearce F G
9 (RLIN) 41245
245 #0 - TITLE STATEMENT
Title Struggle of modern man: An outline histroy of the world from A. D. 1450 to the present day
260 ## - PUBLICATION, DISTRIBUTION, ETC.
Place of publication, distribution, etc. Madras India
Name of publisher, distributor, etc. Oxford University Press
300 ## - PHYSICAL DESCRIPTION
Extent xi,198p.
942 ## - ADDED ENTRY ELEMENTS (KOHA)
Koha item type Books to be hide in OPAC
Holdings
Withdrawn status Lost status Damaged status Not for loan Home library Current library Date acquired Total Checkouts Barcode Date last seen Price effective from Koha item type
        Department of Education Library Department of Education Library 2025-05-08   EL0063011 2025-05-08 2025-05-08 Books to be hide in OPAC
Copyright @ Delhi University Library System